| 000 | 00945nmm a2200349 a 4500 | ||
|---|---|---|---|
| 003 | AR-X00000XY | ||
| 005 | 20251128211912.0 | ||
| 008 | 097020s2002 ||||||||||||||000 | spa|| | ||
| 020 | _a958-42-0401-7 | ||
| 040 | _cAR-X00000XY | ||
| 100 | 1 | _aMolano, Alfredo | |
| 245 | 1 | 0 |
_aApaporis _bviaje a la última selva |
| 250 | _a1ª ed. | ||
| 260 |
_aBogotá _bPlaneta Colombiana _c2002 |
||
| 300 | 0 |
_a168 p. _bil. |
|
| 500 | 0 | _aDonación de la Embajada de Colombia en Buenos Aires | |
| 650 | 4 | _aVIAJES | |
| 650 | 4 | _aEXPEDICIONES GEOGRAFICAS | |
| 650 | 4 | _aEXPLORACION GEOGRAFICA | |
| 650 | 4 | _aDESCUBRIMIENTOS GEOGRAFICOS | |
| 651 | 4 | _aColombia | |
| 651 | 4 | _aAmazonia | |
| 653 | 0 | _aVIAJEROS | |
| 653 | 0 | _aCRONICAS | |
| 653 | 0 | _aRELATOS DE VIAJES | |
| 653 | 0 | _aLITERATURA COLOMBIANA | |
| 653 | 0 | _aLITERATURA DE VIAJES | |
| 655 | _aLITERATURA | ||
| 700 | 1 | _aRamírez, María Constanza | |
| 942 | _cBK | ||
| 998 | _cna-calidad | ||
| 999 |
_c21554 _d21554 |
||